| 000 | 00606nab a2200157Ia 4500 | ||
|---|---|---|---|
| 003 | ES-SlBCS | ||
| 005 | 20210601133742.0 | ||
| 008 | 140529s2011 xxu||||| |||| 00| 0 por d | ||
| 041 | _apor | ||
| 100 | 1 |
_aBezerra Souza, Jane _9209238 |
|
| 245 | 0 | 0 |
_aReflexoes teórico-metológicas sobre o ser e fazer-se professora no Piauí no século XX: a história de vida de Nevinha Santos _c Jane Bezerra Souza, Geraldo Inácio Filho |
| 600 | 1 | 4 |
_aSantos, Nevinha _9209239 |
| 700 | 1 |
_aFilho, Geraldo Inácio _9209104 |
|
| 773 | 0 |
_tEducaçao e Filosofia _gvol. 25, nº. 49, 2011, págs. 241-268 _wRev1534 |
|
| 942 | _cAR | ||
| 999 |
_c601549 _d601549 |
||